Statistiken für Städte des Orients

Klicken Sie hier um das Quiz zu spielen!

Allgemein

  • Dieses Quiz wurde 93 mal gespielt
    (50 seit der letzten Aktualisierung)
  • Das Durchschnittsergebnis liegt bei 23 aus 36

Antwortstatistiken

Antwort% Korrekt
Algier
86%
Astana
86%
Riad
86%
Tunis
86%
Abu Dhabi
82%
Baku
82%
Dubai
82%
Istanbul
82%
Teheran
82%
Ankara
77%
Dakar
77%
Kairo
77%
Sanaa
77%
Tiflis
77%
Amman
73%
Beirut
73%
Bischkek
73%
Casablanca
73%
Jerewan
73%
Tripolis
73%
Bagdad
68%
Taschkent
68%
Khartum
64%
Muscut
64%
Damaskus
59%
Asmara
55%
Bamako
50%
N‘djamena
50%
Duschanbe
45%
Nouakchot
41%
Ouagadougou
36%
Jeddah
32%
Tanger
32%
N'amey
27%
Asgabad
23%
El Aaiun
9%

Verteilung der Resultate

Perzentil nach korrekt beantworteten Fragen

Anzahl Personen mit jedem Resultat

Ihre Resultats-Entwicklung

Sie haben dieses Quiz seit der letzten Aktualisierung nicht gespielt